000 00579nam a2200205 a 4500
001 BRCA_4117
005 20190320204542.0
008 120410s1919----ag-a######---#000-0#spa-#
041 _aspa
044 _aag
050 4 _aPQ7297.N4
_b.C45 1919
100 1 _aCelso Tíndaro, Jorge
_910647
245 1 0 _aAmado Nervo
_bacotaciones a su vida y a su obra
_cJorge Celso Tíndaro.
260 _aBuenos Aires
_bEstablecimiento Gráfico Oceana
_c1919
300 _a163 p.
_bil.
_c19 cm.
500 _aC145
600 1 4 _aNervo, Amado
_d1870-1919
_910648
902 _aGFM
942 _2lcc
_cB
999 _c3833
_d3833